000 00603nam a2200217 4500
003 OSt
005 20240629013931.0
006 a
008 240629b |||||||| |||| 00| 0 eng d
020 _a9780737751932
040 _aDWCL-Main lib.
_cOC
082 _aCirc. 323 H918 2011
245 _aHuman rights /
260 _aDetroit :
_bGale, Cengage Learning,
_cc2011.
300 _b243 p. : ill. ;
_c24 cm.
490 _3Global Viewpoints
504 _aIncludes bibliographical references & index.
650 _a1. Human rights.
700 _a Margaret Haerens
942 _2ddc
_n0
_cBK-CIRC
_kCirc.
999 _c1626
_d1626